000 00655nam a2200217Ia 4500
005 20250508151506.0
008 008 250505s9999 xx 000 0 eng d
037 _aTextual
040 _aFEDL
_beng
_cFEDL
041 _aeng
_2eng
084 _a370.19, BRO
_qFEDL
100 _aBrownell Clifford Lee
245 0 _aPublic relations in education : A textbook for teachers
260 _aNew York, USA
_bMcGraw Hill Book Company
_c1955
300 _axi,249p.
490 _aMcGraw-Hill Series in Education
650 _aEducation-Sociology
700 _a Gans Leo
_9759277
942 _cTEXL
_h370.19, BRO
999 _c1330156
_d1330156